000 00892cab a2200217 4500
001 ABS40791
008 090401t1989 xxu||||| |||| 00| 0 eng d
035 _a(Sirsi) u26028
041 _aeng
100 _aSlavid, R.
245 _aGrasping opportunities in Europe
260 _c1989
350 _a0
490 _aConstruction News
_v(6111) 11 May 1989, 28-29(2)
520 _aReports on the first phase results of the European Construction Industry Analysis , the object of which is to identify opportunities in Europe for British contractors. The study is being carried out for the BEC and the British Constructional Steelwork Association in conjunction with five other specialist contaracting organisations. This feature concentrates on Spain .
650 _aBUILDING INDUSTRY
650 _aSINGLE MARKET
690 _aEUROPE-SINGLE MARKET
942 _n0
948 _c04/03/1997
999 _c17468
_d17468